000 00515nam a2200157Ia 4500
008 090711s9999 xx 000 0 und d
082 _b18115
100 _aकरंदीकर गो. वि.
245 _aस्पर्शाती पालखी
300 _a128
600 _aकरंदीकर गो. वि.
630 _aस्पर्शाती पालखी
700 _aकरंदीकर गो. वि.
730 _aस्पर्शाती पालखी
942 _cBOOK
999 _c299461
_d299461